| 000 | 01598nam a2200385 a 4500 | ||
|---|---|---|---|
| 001 | ebr10575635 | ||
| 003 | CaPaEBR | ||
| 006 | m u | ||
| 007 | cr cn||||||||| | ||
| 008 | 770613s1977 ne ad sb 101 0 eng d | ||
| 010 | _z 77024153 | ||
| 020 | _z0444152733 | ||
| 020 | _z9021940574 | ||
| 020 | _z9780470663424 | ||
| 020 | _z9780470718018 (e-book) | ||
| 040 |
_aCaPaEBR _cCaPaEBR |
||
| 035 | _a(OCoLC)608161532 | ||
| 050 | 1 | 4 |
_aRC632.I7 _bS96 1976eb |
| 082 | 0 | 4 | _a616.3/99 |
| 111 | 2 |
_aSymposium on Iron Metabolism _d(1976 : _cLondon, England) |
|
| 245 | 1 | 0 |
_aIron metabolism _h[electronic resource]. |
| 260 |
_aAmsterdam : _bElsevier/Excerpta Medica/North-Holland ; _aNew York : _bElsevier/North-Holland, _c1977. |
||
| 300 |
_aviii, 391 p. : _bill. |
||
| 490 | 1 |
_aCiba Foundation symposium (new series) ; _v51 |
|
| 500 | _a"Symposium on Iron Metabolism held at the Ciba Foundation, London, 7-9th December, 1976"--Participants page. | ||
| 504 | _aIncludes bibliographical references and indexes. | ||
| 533 |
_aElectronic reproduction. _bPalo Alto, Calif. : _cebrary, _d2011. _nAvailable via World Wide Web. _nAccess may be limited to ebrary affiliated libraries. |
||
| 650 | 0 |
_aIron _xMetabolism _xDisorders _vCongresses. |
|
| 650 | 0 |
_aIron _xMetabolism _vCongresses. |
|
| 650 | 0 |
_aIron proteins _vCongresses. |
|
| 655 | 7 |
_aElectronic books. _2local |
|
| 710 | 2 | _aebrary, Inc. | |
| 830 | 0 |
_aCiba Foundation symposium ; _vnew ser. 51. |
|
| 856 | 4 | 0 |
_uhttp://site.ebrary.com/lib/rucke/Doc?id=10575635 _zAn electronic book accessible through the World Wide Web; click to view |
| 999 |
_c181757 _d181757 |
||